| 000 | 01282cam a22003375a 4500 | ||
|---|---|---|---|
| 003 | EG-ScBUE | ||
| 005 | 20211019145919.0 | ||
| 008 | 190711r20042000enka f 000 0 eng d | ||
| 020 | _a9780521564717 | ||
| 020 | _a0521564719 | ||
| 040 |
_aEG-ScBUE _beng _erda _cEG-ScBUE _dEG-ScBUE |
||
| 082 | 0 | 4 |
_a428.24 _bRIC _222 |
| 100 | 1 |
_aRichards, Jack C., _d1943- _eauthor. |
|
| 245 | 1 | 0 |
_aPassages : _ban upper-level multi-skills course. _pStudent's book 2 / _cJack C. Richards, Chuck Sandy. |
| 250 | _3Ninth printing. | ||
| 264 | 1 |
_aCambridge, United Kingdom : _bCambridge University Press, _c2004. |
|
| 300 |
_aiv, 72 pages : _billustrations ; _c28 cm |
||
| 336 |
_2rdacontent _atext _btxt |
||
| 337 |
_2rdamedia _aunmediated _bn |
||
| 338 |
_2rdacarrier _avolume _bnc |
||
| 520 | _aPassages is a two-level, multi-skills course that takes students of English from the high-intermediate to the advanced level. | ||
| 590 | _anadeen magdy | ||
| 650 | 7 |
_aEnglish language _xTextbooks for foreign speakers. _2BUEsh |
|
| 650 | 7 |
_aEnglish language _xProblems, exercises, etc. _2BUEsh _99351 |
|
| 650 | 7 |
_aReaders (Adult) _2BUEsh |
|
| 651 | _2BUEsh | ||
| 653 |
_bHHUUEENN _cJuly2019 |
||
| 655 |
_vReading book _934232 |
||
| 700 | 1 |
_asandy, chuck, _eauthor. _914308 |
|
| 942 |
_2ddc _cBB |
||
| 999 |
_c255 _d255 |
||